000
00304nam a2200133Ia 4500
008
190216s9999||||xx |||||||||||||| ||und||
100
_a
Sankaranarayan S R
245
0
_a
Modern Physics
250
_a
1st Ed.
260
_b
Sulthan Chand&Sons
_c
1986
300
_a
1445
650
_a
Physics
942
_c
BK
999
_c
33021
_d
33021